Succession au trône britannique avec arbre généalogique - Statistiques

Statistiques générales
  • Ce quiz a été pris 179 fois
  • Le résultat moyen est 11 sur 23
Réponses sur la Carte
Les réponses sont colorées sur une échelle allant du rouge au vert en fonction du pourcentage des utilisateurs qui les ont devinées à leur premier essai. Vous pouvez retrouver ces pourcentages ci-dessous.
 
Statistiques - réponses
Ordre Nom % Correct
5 Harry
97%
1 William
96%
3 Charlotte
83%
2 George
83%
4 Louis
79%
6 Archie
69%
16 Anne
67%
8 Andrew
59%
7 Lilibet
59%
13 Edward
57%
11 Eugenie
44%
9 Beatrice
42%
20 Zara
39%
15 Louise
35%
14 James
33%
17 Peter
26%
12 August
21%
10 Sienna
21%
19 Isla
20%
23 Lucas
20%
18 Savannah
20%
21 Mia
18%
22 Lena
15%
Aucun quiz correspondant
Distribution des résultats
% des personnes avec chaque résultat
Percentile par nombre de réponses
Votre historique - résultats
Vous n’avez pas pris ce quiz